000 00814nam a2200229 a 4500
999 _c447047
_d447047
003 BLK
005 20230808085012.0
008 220302b bul|||||r ||||||| ||bul||
040 _aBLK
041 _aBUL
_cBUL
080 _aБорба : Свободна борба, класическа и др.
_b796.81/.82
_x(497.215)(062)
_z796.81/.82(497.215)(062)
139 _bН 33
245 1 0 _aНационален събор по народна борба, 15-16 септ. 1979, гр. Ветово
_h[Малотир. изд.]
260 _aРусе
_bб. и.
_c1979
300 _a14 с.
_bсъс сн.
_c20 см
380 _a79
653 7 _9196284
_aсвободна борба
653 7 _9198800
_aтурнири
852 _aК 796/799/Н 33
_bК
942 _cKNG
_n0
_s1
_01
944 _aCR
_c2022-03-02
_k30570
_lМоника Янева